Statistiques concernant Devinez le Département Mystère #35

Cliquez ici pour prendre le quiz!

Statistiques générales

  • Ce quiz a été pris 117 fois
  • Le résultat moyen est 29 sur 40

Statistiques - réponses

Type de RéponseRéponse% Correct
Lettre TrouvéeE
100%
Lettre TrouvéeN
98%
Lettre TrouvéeA
97%
Lettre TrouvéeO
96%
Lettre de l'AlphabetI
95%
Lettre de l'AlphabetL
95%
Lettre TrouvéeR
95%
Lettre TrouvéeT
93%
Lettre de l'AlphabetS
92%
Lettre de l'AlphabetD
91%
Lettre de l'AlphabetH
89%
Lettre de l'AlphabetU
87%
Lettre de l'AlphabetV
87%
Lettre de l'AlphabetC
84%
Lettre de l'AlphabetM
84%
Lettre de l'AlphabetB
74%
Lettre de l'AlphabetY
71%
Lettre de l'AlphabetP
70%
Lettre de l'AlphabetF
66%
Lettre TrouvéeG
64%
Lettre Bien PlacéeE
63%
Lettre Bien PlacéeE
63%
Lettre Bien PlacéeN
63%
Lettre Bien PlacéeT
63%
Lettre de l'AlphabetQ
62%
Lettre de l'AlphabetZ
59%
Lettre de l'AlphabetJ
57%
Lettre de l'AlphabetX
57%
Lettre Bien PlacéeA
55%
Lettre Bien PlacéeA
55%
Lettre Bien PlacéeG
55%
Lettre de l'AlphabetK
55%
Lettre Bien PlacéeN
55%
Lettre Bien PlacéeN
55%
Lettre Bien PlacéeO
55%
Lettre Bien PlacéeR
55%
Lettre Bien PlacéeR
55%
Lettre Bien PlacéeT
55%
Département MystèreTarn-et-Garonne
55%
Lettre de l'AlphabetW
55%

Distribution des résultats

Percentile par nombre de réponses

% des personnes avec chaque résultat

Votre développement - résultats

Vous n’avez pas pris ce quiz